000 00576cab a2200193 4500
001 ABS56702
008 090401t xxu||||| |||| 00| 0 eng d
035 _a(Sirsi) u77217
041 _aeng
100 _aMorton, B.
245 2 _aA conservation engineer`s view on the use of lime mortar
350 _a0
490 _aContext
_v(53) 36-37(2)
520 _aDiscusses the different types of lime mortar and how they should be used from the point of view of a conservation engineer.
650 _aLIME MORTARS
690 _aCONSERVATION
942 _n0
948 _c19/03/1997
999 _c48538
_d48538